[Event "HUN-chT2 Maroczy 1819"]
[Site "Hungary"]
[Date "2018.11.18"]
[Round "4.9"]
[White "Juhasz, Agoston Botond"]
[Black "Papp, Abel"]
[Result "1/2-1/2"]
[WhiteElo "2174"]
[BlackElo "2141"]
[PlyCount "78"]
[EventDate "2018.09.23"]
[EventType "team-tourn"]
[EventRounds "11"]
[EventCountry "HUN"]
[SourceTitle "EXT 2020"]
[Source "ChessBase"]
[SourceDate "2019.10.17"]
[SourceVersion "1"]
[SourceVersionDate "2019.10.17"]
[SourceQuality "1"]
[WhiteTeam "Budapest MTK"]
[BlackTeam "Lillafured DVTK II"]
[WhiteTeamCountry "HUN"]
[BlackTeamCountry "HUN"]

1. e4 e5 2. Nf3 Nc6 3. Nc3 Nf6 4. d4 exd4 5. Nxd4 Bb4 6. Nxc6 bxc6 7. Bd3 d5 8. exd5 cxd5 9. 0-0 0-0 10. h3 c6 11. Qf3 Bd6 12. Re1 Rb8 13. b3 Re8 14. Rxe8+ Qxe8 15. Bf4 Qe7 16. Ne2 c5 17. Rd1 Be6 18. Qg3 Rd8 19. Qh4 Bxf4 20. Nxf4 Qd6 21. c3 h6 22. Qg3 Qe5 23. Qf3 Bf5 24. Nh5 Ne4 25. Rc1 Bg6 26. Ng3 Nxg3 27. fxg3 Be4 28. Qe3 f5 29. Qe1 d4 30. Kh2 Rd6 31. cxd4 Rxd4 32. Bc4+ Kh7 33. Qe3 Qd6 34. Rf1 a5 35. a4 Qc6 36. Rf2 Qd6 37. Qf4 Qg6 38. Qb8 Bd5 39. Bxd5 Rxd5 1/2-1/2

[Event "HUN-chT2 Barcza 1718"]
[Site "Hungary"]
[Date "2018.05.06"]
[Round "11.5"]
[White "Papp, Abel"]
[Black "Fabian, Lajos"]
[Result "1-0"]
[WhiteElo "2125"]
[BlackElo "1774"]
[PlyCount "51"]
[EventDate "2017.09.24"]
[EventType "team-tourn"]
[EventRounds "11"]
[EventCountry "HUN"]
[SourceTitle "EXT 2021"]
[Source "ChessBase"]
[SourceDate "2020.10.23"]
[SourceVersion "1"]
[SourceVersionDate "2020.10.23"]
[SourceQuality "1"]
[WhiteTeam "Lillafured DVTK II"]
[BlackTeam "Szirmabesenyo"]
[WhiteTeamCountry "HUN"]
[BlackTeamCountry "HUN"]

1. e4 e5 2. Nf3 Nc6 3. Bc4 Bc5 4. c3 Nf6 5. d3 h6 6. Bb3 Ng4 7. 0-0 Bxf2+ 8. Rxf2 Nxf2 9. Kxf2 d6 10. Nbd2 Qf6 11. Nf1 Bg4 12. Ne3 Bxf3 13. Qxf3 Qxf3+ 14. Kxf3 0-0-0 15. Nf5 g6 16. Nxh6 Rh7 17. g4 Rdh8 18. g5 Nd8 19. Be3 Rf8 20. Kg2 f5 21. exf5 gxf5 22. h4 f4 23. Bf2 c6 24. Ng4 f3+ 25. Kg3 Rff7 26. g6 1-0

[Event "HUN-chT2 Barcza 1617"]
[Site "Hungary"]
[Date "2017.02.12"]
[Round "8.6"]
[White "Papp, Abel"]
[Black "Pasztor, Lorant"]
[Result "1-0"]
[WhiteElo "2143"]
[BlackElo "1930"]
[PlyCount "57"]
[EventDate "2016.09.25"]
[EventType "team-tourn"]
[EventRounds "11"]
[EventCountry "HUN"]
[SourceTitle "EXT 2021"]
[Source "ChessBase"]
[SourceDate "2020.10.23"]
[SourceVersion "1"]
[SourceVersionDate "2020.10.23"]
[SourceQuality "1"]
[WhiteTeam "Lillafured DVTK II"]
[BlackTeam "Sajobabony"]
[WhiteTeamCountry "HUN"]
[BlackTeamCountry "HUN"]

1. e4 Nf6 2. e5 Nd5 3. c4 Nb6 4. d4 d6 5. exd6 cxd6 6. Nc3 g6 7. Bd3 Bg7 8. Nge2 Nc6 9. d5 Ne5 10. b3 Nxd3+ 11. Qxd3 Bf5 12. Qd2 0-0 13. 0-0 Rc8 14. Bb2 a6 15. Rad1 Qc7 16. Ng3 Qd7 17. Nce2 Bxb2 18. Qxb2 e6 19. Qd4 Qc7 20. dxe6 fxe6 21. Qxd6 Qxd6 22. Rxd6 Rc6 23. Rxc6 bxc6 24. Rd1 Nc8 25. Nc3 h5 26. Nge4 Kg7 27. f3 h4 28. Nc5 a5 29. Nb7 1-0

[Event "HUN-chT2 Barcza 1617"]
[Site "Hungary"]
[Date "2016.11.13"]
[Round "4.7"]
[White "Vanczak, Tamas"]
[Black "Papp, Abel"]
[Result "0-1"]
[WhiteElo "2111"]
[BlackElo "2143"]
[PlyCount "102"]
[EventDate "2016.09.25"]
[EventType "team-tourn"]
[EventRounds "11"]
[EventCountry "HUN"]
[SourceTitle "EXT 2021"]
[Source "ChessBase"]
[SourceDate "2020.10.23"]
[SourceVersion "1"]
[SourceVersionDate "2020.10.23"]
[SourceQuality "1"]
[WhiteTeam "Miskolc Kisbocsok"]
[BlackTeam "Lillafured DVTK II"]
[WhiteTeamCountry "HUN"]
[BlackTeamCountry "HUN"]

1. d4 d5 2. Nf3 Nf6 3. e3 Bf5 4. Bd3 Bxd3 5. cxd3 e6 6. Nc3 c5 7. dxc5 Bxc5 8. 0-0 Nc6 9. Qb3 Qb6 10. Qxb6 Bxb6 11. e4 Nb4 12. Bg5 d4 13. Nb5 Nxd3 14. Bxf6 gxf6 15. Nbxd4 Rd8 16. Nb5 Nxb2 17. a4 Nd3 18. a5 Bc5 19. g3 Ke7 20. Rab1 Rd7 21. Rb3 Rc8 22. Kg2 a6 23. Nc3 Bb4 24. Nd5+ exd5 25. Rxd3 dxe4 26. Re3 f5 27. Nh4 Kf6 28. g4 fxg4 29. Rxe4 Bxa5 30. Rxg4 h5 31. Rf4+ Kg5 32. Ra4 Rc5 33. Rb1 Bc3 34. Rb6 f6 35. Re6 a5 36. Re8 Rg7 37. Kh3 Bb4 38. Ra1 Kf4 39. Ng2+ Kf5 40. Nh4+ Kf4 41. Ng2+ Kg5 42. Nh4 Rc4 43. Rg1+ Rg4 44. f4+ Kh6 45. Rh8+ Rh7 46. Rg8 Rd7 47. Nf5+ Kh7 48. R8xg4 hxg4+ 49. Kxg4 a4 50. Rb1 Bc3 51. Rc1 Bb2 0-1

[Event "HUN-chT2 Maroczy 1516"]
[Site "Hungary"]
[Date "2015.11.29"]
[Round "3.12"]
[White "Papp, Abel"]
[Black "Majoros, Rozsa Evelin"]
[Result "1-0"]
[WhiteElo "2148"]
[BlackElo "1826"]
[PlyCount "73"]
[EventDate "2015.10.18"]
[EventType "team-tourn"]
[EventRounds "9"]
[EventCountry "HUN"]
[SourceTitle "CBM 170 Extra"]
[Source "ChessBase"]
[SourceDate "2016.02.25"]
[SourceVersion "1"]
[SourceVersionDate "2016.02.25"]
[SourceQuality "1"]
[WhiteTeam "DVTK EMSE"]
[BlackTeam "Magyar Sakkvilag"]
[WhiteTeamCountry "HUN"]
[BlackTeamCountry "HUN"]

1. e4 e6 2. d3 d5 3. Nd2 c5 4. Ngf3 Nc6 5. g3 g6 6. Bg2 Bg7 7. 0-0 Nge7 8. Re1 b6 9. Nf1 h6 10. h4 Bb7 11. Qe2 d4 12. N3h2 0-0 13. f4 e5 14. h5 Qd7 15. Ng4 Kh7 16. Nfh2 Rac8 17. fxe5 g5 18. Bh3 Qc7 19. Qf3 Nxe5 20. Nf6+ Bxf6 21. Qxf6 Nd7 22. Qf2 Rcd8 23. Bd2 Qe5 24. Bxd7 Rxd7 25. Ng4 Qe6 26. Nf6+ Kg7 27. Nxd7 Qxd7 28. Rf1 f5 29. Rae1 Qc6 30. Kh2 Qc8 31. exf5 Nxf5 32. Re5 Qd7 33. Rxf5 Rxf5 34. Qxf5 Qe7 35. Qg6+ Kh8 36. Qxh6+ Kg8 37. Qxg5+ 1-0

[Event "HUN-chT2 Barcza 1314"]
[Site "Hungary"]
[Date "2014.02.02"]
[Round "6"]
[White "Kiss, Pal"]
[Black "Papp, Abel"]
[Result "1-0"]
[WhiteElo "2337"]
[BlackElo "2187"]
[PlyCount "55"]
[EventDate "2013.09.08"]
[EventType "team-tourn"]
[EventRounds "11"]
[EventCountry "HUN"]
[SourceTitle "EXT 2016"]
[Source "ChessBase"]
[SourceDate "2015.10.08"]
[SourceVersion "1"]
[SourceVersionDate "2015.10.08"]
[SourceQuality "1"]
[WhiteTeam "Sajobabony"]
[BlackTeam "Miskolc EMSE"]
[WhiteTeamCountry "HUN"]
[BlackTeamCountry "HUN"]

1. d4 d5 2. c4 c6 3. Nc3 Nf6 4. e3 a6 5. Nf3 b5 6. b3 e6 7. Bd3 Nbd7 8. 0-0 Be7 9. Qc2 Bb7 10. e4 dxe4 11. Nxe4 Rc8 12. c5 Nxe4 13. Bxe4 Nf6 14. Bd3 0-0 15. Re1 a5 16. Bd2 Ra8 17. a3 h6 18. Rad1 Nd5 19. Qc1 h5 20. Bb1 Bf6 21. Qc2 Re8 22. Qh7+ Kf8 23. Qxh5 Ke7 24. Ng5 Rf8 25. Nxf7 Rxf7 26. Rxe6+ Kxe6 27. Bf5+ Ke7 28. Re1+ 1-0

[Event "HUN-chT2 Maroczy 1112"]
[Site "Hungary"]
[Date "2012.03.25"]
[Round "8"]
[White "Szajbely, Zsigmond"]
[Black "Papp, Abel"]
[Result "1/2-1/2"]
[WhiteElo "2210"]
[BlackElo "2192"]
[PlyCount "94"]
[EventDate "2011.09.25"]
[EventType "team-tourn"]
[EventRounds "11"]
[EventCountry "HUN"]
[SourceTitle "EXT 2013"]
[Source "ChessBase"]
[SourceDate "2012.11.22"]
[SourceVersion "1"]
[SourceVersionDate "2012.11.22"]
[SourceQuality "1"]
[WhiteTeam "Maroczy"]
[BlackTeam "Miskolc EMSE"]
[WhiteTeamCountry "HUN"]
[BlackTeamCountry "HUN"]

1. e4 e5 2. Nf3 Nc6 3. d4 exd4 4. Nxd4 Bc5 5. Be3 Qf6 6. c3 Nge7 7. Bc4 Ne5 8. Be2 Qg6 9. 0-0 d6 10. f4 Qxe4 11. Bf2 Bxd4 12. cxd4 N5g6 13. g3 Qf5 14. Nc3 d5 15. Be1 h5 16. Nb5 Qd7 17. f5 Nf8 18. Bb4 Nc6 19. Ba3 a6 20. Nc3 Nh7 21. Re1 Kd8 22. Bxh5 Nf6 23. Bg4 a5 24. h3 Nb4 25. Re5 c6 26. Na4 Qd6 27. Qf3 Nd7 28. Re2 b5 29. Nc3 Nb6 30. Rae1 Ra7 31. b3 Qf6 32. Qe3 Bd7 33. Qf4 Nc8 34. Bxb4 axb4 35. Nd1 Nd6 36. Nf2 Ra8 37. Qd2 Nxf5 38. Bxf5 Qxf5 39. Qxb4 Qg6 40. Kh2 Qh6 41. Qd2 g5 42. Kg1 Bxh3 43. Nxh3 Qxh3 44. Qxg5+ Kc7 45. Qe7+ Kc8 46. Kf2 Qg4 47. Kg2 Qh3+ 1/2-1/2

[Event "HUN-chT2 Maroczy 1011"]
[Site "Hungary"]
[Date "2011.05.15"]
[Round "11"]
[White "Doros, Radu Marian"]
[Black "Papp, Abel"]
[Result "1/2-1/2"]
[WhiteElo "2350"]
[BlackElo "2185"]
[PlyCount "62"]
[EventDate "2010.09.12"]
[EventType "team-tourn"]
[EventRounds "11"]
[EventCountry "HUN"]
[SourceTitle "EXT 2012"]
[Source "ChessBase"]
[SourceDate "2011.11.24"]
[SourceVersion "1"]
[SourceVersionDate "2011.11.24"]
[SourceQuality "1"]
[WhiteTeam "Nyiregyhaza"]
[BlackTeam "Miskolc EMSE"]
[WhiteTeamCountry "HUN"]
[BlackTeamCountry "HUN"]

1. e4 e5 2. Nf3 Nc6 3. Bc4 Bc5 4. d3 Nf6 5. Bb3 d6 6. c3 a6 7. Nbd2 0-0 8. h3 Ba7 9. Nf1 Ne7 10. Nh4 Ng6 11. Nxg6 hxg6 12. Bg5 Be6 13. Qf3 Bxb3 14. axb3 Qe7 15. Ne3 Bxe3 16. fxe3 Qe6 17. Bxf6 Qxf6 18. Qxf6 gxf6 19. 0-0 Kg7 20. Rf2 Rfe8 21. b4 c6 22. g4 g5 23. c4 c5 24. Ra4 b6 25. Rf1 a5 26. bxa5 bxa5 27. Rfa1 Rab8 28. Rxa5 Rxb2 29. R5a2 Rb3 30. Rd1 Reb8 31. Kf2 Rb2+ 1/2-1/2